Nessa Barrett - young forever (extended) - Statistics

General Stats
  • This quiz has been taken 293 times
    266 since last reset
  • The average score is 15 of 18
Answer Stats
Answer % Correct
tired of california
94%
dear god
91%
die first
91%
noose
90%
lovebomb
88%
talk to myself
88%
gaslight
87%
madhouse
87%
505
85%
forgive the world
84%
fuckmarrykill
84%
lucky star
84%
deathmatch
81%
decay
81%
god's favorite
81%
too hot to cry
81%
unnecessary violence
80%
do you really want to hurt me?
69%
No matching quizzes found
Score Distribution
Percent of People with Each Score
Percentile by Number Answered
Your Score History
You have not taken this quiz since the last reset